Bank-Lexikon Handwörterbuch für das Geld-, Bank- und Börsenwesen
Saved in:
| Format: | Book |
|---|---|
| Language: | German |
| Published: |
Wiesbaden
Gabler
1988
|
| Edition: | 10. vollst. überarb. und erweit. Aufl. |
| Tags: |
No Tags, Be the first to tag this record!
|
MARC
| LEADER | 00000nam a2200000 4500 | ||
|---|---|---|---|
| 001 | c024365 | ||
| 005 | 20221219110759.4 | ||
| 041 | 0 | |a ger | |
| 044 | |a DE | ||
| 245 | 1 | 0 | |a Bank-Lexikon |b Handwörterbuch für das Geld-, Bank- und Börsenwesen |
| 250 | |a 10. vollst. überarb. und erweit. Aufl. | ||
| 264 | 1 | |a Wiesbaden |b Gabler |c 1988 | |
| 300 | |a 3 zv. | ||